Business venture 2: student book (Registro nro. 8735)
[ vista simple ]
| 000 -LEADER | |
|---|---|
| fixed length control field | 00708nim a22002657a 4500 |
| 005 - DATE AND TIME OF LATEST TRANSACTION | |
| control field | 20220811193350.0 |
| 008 - FIXED-LENGTH DATA ELEMENTS--GENERAL INFORMATION | |
| fixed length control field | 150302b xxu||||| |||| 00| 0 ES d |
| 020 ## - INTERNATIONAL STANDARD BOOK NUMBER | |
| ISBN | 9780857778765 |
| 041 ## - LANGUAGE CODE | |
| Language code of text/sound track or separate title | Inglés |
| 082 ## - CLASIFICACIÓN | |
| Clasificación | 183 DC |
| 100 ## - AUTOR | |
| Autor | Barnard, Roger |
| 100 ## - AUTOR | |
| Autor | Cady, Jeff |
| 245 ## - TÍTULO | |
| Title | Business venture 2: student book |
| 260 ## - PUBLICATION, DISTRIBUTION, ETC. (IMPRINT) | |
| Place of publication | Estados Unidos |
| 260 ## - PUBLICATION, DISTRIBUTION, ETC. (IMPRINT) | |
| Name of publisher | Oxford University Press |
| 260 ## - PUBLICATION, DISTRIBUTION, ETC. (IMPRINT) | |
| Year of publication | 2000 |
| 300 ## - PHYSICAL DESCRIPTION | |
| Number of Pages | 1 CD-ROM |
| 505 ## - FORMATTED CONTENTS NOTE | |
| Formatted contents note | Acompaña al libro Business venture 2. 428/B521b |
| 650 ## - SUBJECT ADDED ENTRY--TOPICAL TERM | |
| Topical Term | INGLÉS |
| 650 ## - SUBJECT ADDED ENTRY--TOPICAL TERM | |
| Topical Term | ENSEÑANZA |
| 650 ## - SUBJECT ADDED ENTRY--TOPICAL TERM | |
| Topical Term | OFICINAS |
| 650 ## - SUBJECT ADDED ENTRY--TOPICAL TERM | |
| Topical Term | NEGOCIOS |
| 650 ## - SUBJECT ADDED ENTRY--TOPICAL TERM | |
| Topical Term | ADMINISTRACIÓN DE EMPRESAS |
| 942 ## - ADDED ENTRY ELEMENTS (KOHA) | |
| Koha item type | Audio |
| Withdrawn status | Lost status | Damaged status | Not for loan | Home library | Current library | Date acquired | Total Checkouts | Full call number | Accession Number | Date last seen | Koha item type | Total Renewals | Date checked out |
|---|---|---|---|---|---|---|---|---|---|---|---|---|---|
| Departamento de Biblioteca y Documentación Alfonso Chase Brenes | Departamento de Biblioteca y Documentación Alfonso Chase Brenes | 16/01/2017 | 183 DC | 183ADC | 16/01/2017 | Audio | |||||||
| Departamento de Biblioteca y Documentación Alfonso Chase Brenes | Departamento de Biblioteca y Documentación Alfonso Chase Brenes | 16/01/2017 | 4 | 183 DC | 183BDC | 14/05/2019 | Audio | 1 | 27/02/2019 |